000 00340nam a2200133Ia 4500
008 150301s2014 xx 000 0 und d
082 _a616.07
_bY14R
100 _aRAAB, STEPHEN S.
245 _aYEAR BOOK OF PATHOLOGY & LABORATORY MEDICINE 2014
260 _bELSEVIER
_aUSA
_c2014
300 _a326
650 _aPATHOLOGY
942 _2ddc
_cBK
999 _c6717
_d6717